El discurso político del foro a la televisión.

Bibliographic Details
Main Author: Mangore, Carlos
Other Authors: Warley, Jorge
Format: Libro
Language:English
Published: Buenos Aires Biblos 1994
Edition:1 a. ed.
Series:Semiología
Subjects:
Online Access:

MARC

LEADER 00000cam a2200000 a 4500
001 003810
003 UAHC_CL
005 20170803115957.0
008 010822b xx j 000 1 eng
020 |a 9507860681 
040 |a UAHC_CL  |c UAHC_CL  |d UAHC_CL 
082 0 4 |a 302.2 M277 
100 1 |a Mangore, Carlos 
245 1 3 |a El discurso político del foro a la televisión. 
250 |a 1 a. ed. 
260 |b Biblos  |c 1994  |a Buenos Aires 
300 |a 294 p. 
490 0 |a Semiología 
650 4 |a DISCURSOS 
650 4 |a OPOSICION  |z ARGENTINA 
650 4 |a RETORICA  |x ASPECTOS POLITICOS 
650 4 |a SEMIOTICA 
650 4 |a TELEVISION EN LA POLITICA 
700 1 |a Warley, Jorge 
900 |a 302.2 MAN 
942 |c BK 
952 |0 0  |1 0  |4 0  |6 302_200000000000000_MAN  |7 0  |8 General  |9 8507  |a BC  |b BC  |c General  |d 2017-08-03  |l 0  |o 302.2 MAN  |p 1301501  |r 2026-01-07 00:00:00  |t 1  |w 2017-08-03  |y BK 
999 |c 3810  |d 3810